000 00370nam a2200133Ia 4500
008 220217s9999||||xx |||||||||||||| ||und||
020 _a81-86340-74-2
082 _a004 BAS
100 _aBasandra, Suresh K
245 0 _aComputers today
260 _aGalgotia publications pvt. ltd.
_bNew Delhi
_c1999
300 _alxiv,14480p
_b320
650 _aCOMPUTER SCIENCE
999 _c164861
_d164861